ბათუმის შოთა რუსთაველის სახელმწიფო უნივერსიტეტის ბიბლიოთეკა

საქართველოს ზღვისპირეთის ანტიკური ხანის ქალაქები : (ბიბ.ჩანაწერი № 56213)

000 -ლიდერი
ფიქსირებული სიგრძის საკონტროლო ველი 01317nam a2200241Ia 4500
001 - საკონტროლო ნომერი
საკონტროლო ველი 23314
003 - საკონტროლო ნომრის იდენტიფიკატორი
საკონტროლო ველი GE_BSU
005 - ბოლო ოპერაციის თარიღი და დრო
საკონტროლო ველი 20230621123549.0
008 - ფიქსირებული სიგრძის მონაცემთა ელემენტები - ზოგადი ინფორმაცია
ფიქსირებული სიგრძის საკონტროლო ველი 181216s1971ge xx |||||||||||||| ||geo||
040 ## - კატალოგიზაციის წყარო
Transcribing agency GE_BSU
041 ## - ენის კოდი
Language code of text/sound track or separate title geo
080 ## - უნივერსალური ათობითი კლასიფიკაციის ინდექსი
Universal Decimal Classification number 903.43(479.22) + 94(395.3) კ-36
100 ## - მთავარი ჩანაწერი - პიროვნების სახელი
Personal name კახიძე, ა.
9 (RLIN) 18864
245 ## - ცნობა სათაურის შესახებ
Title საქართველოს ზღვისპირეთის ანტიკური ხანის ქალაქები :
Remainder of title ქობულეთ-ფიჭვნარი /
Statement of responsibility, etc ა. კახიძე, რედ. ა. აფაქიძე, მხატვ. მ. თუშმალიშვილი
264 ## - წარმოების, გამოცემის, დისტრიბუციის და სხვა ცნობები
გამოცემის, წარმოების, დისტრიბუციის... ადგილი თბილისი :
გამოცემის, წარმოების, დისტრიბუციის... სახელწოდება მეცნიერება,
გამოცემის, წარმოების, დისტრიბუციის... თარიღი 1971.
300 ## - ფიზიკური აღწერა
Extent 151 გვ. ;
Other physical details 21 სმ.
520 ## - SUMMARY, ETC.
Summary, etc რეზუმე რუს. ენ..
653 ## - INDEX TERM--UNCONTROLLED
Uncontrolled term საქართველოს ზღვისპირეთის ანტიკური ხანის ქალაქები : ქობულეთ-ფიჭვნარი
653 ## - INDEX TERM--UNCONTROLLED
Uncontrolled term საქართველოს ქალაქების ისტორი
700 ## - ADDED ENTRY--PERSONAL NAME
Personal name აფაქიძე, ა
Relator term რედაქტორი
9 (RLIN) 18865
700 ## - ADDED ENTRY--PERSONAL NAME
Personal name თუშმალიშვილი, მ
Relator term მხატვარი
9 (RLIN) 9077
942 ## - ADDED ENTRY ELEMENTS (KOHA)
Koha item type წიგნი
Source of classification or shelving scheme
ეგზემპლარები
ჩამოწერის სტატუსი დაკარგული ეგზემპლარის სტატუსი კლასიფიკაციის წყარო ან თაროზე გაწყობის სქემა დაზიანების სტატუსი არ გაიცემა მუდმივი მდებარეობა (დაცვის ადგილი) ამჟამინდელი ადგილსამყოფელი თაროზე განთავსების ადგილი შეძენის თარიღი ღირებულება, შესყიდვის ნორმალური ფასი სრული შენახვის შიფრი შტრიხკოდი ბოლო ოპერაციის თარიღი ეგზემპლარის მიმდევრობითი ნომერი (კეტერი?) ფასის ძალაში შესვლის თარიღი ეგზემპლარის სახეობა საჯარო შენიშვნა Uniform Resource Identifier
          ბათუმის შოთა რუსთაველის სახელმწიფო უნივერსიტეტის მთავარი ბიბლიოთეკა ბათუმის შოთა რუსთაველის სახელმწიფო უნივერსიტეტის მთავარი ბიბლიოთეკა წიგნსაცავი 2018-12-17 1.00 903.43(479.22) + 94(395.3) კ-36 28278 2018-12-17 28278 2018-12-17 წიგნი 1ლ. 84თ.  
          ბათუმის შოთა რუსთაველის სახელმწიფო უნივერსიტეტის მთავარი ბიბლიოთეკა ბათუმის შოთა რუსთაველის სახელმწიფო უნივერსიტეტის მთავარი ბიბლიოთეკა წიგნსაცავი 2023-06-21 4.00 903.43(479.22) + 94(395.3) კ-36 64748 2023-06-21 64748 2023-06-21 წიგნი 4.00 ბსუ-ს საპატიო დოქტორის გურამ ლორთქიფანიძის საჩუქარი
          ბათუმის შოთა რუსთაველის სახელმწიფო უნივერსიტეტის მთავარი ბიბლიოთეკა ბათუმის შოთა რუსთაველის სახელმწიფო უნივერსიტეტის მთავარი ბიბლიოთეკა წიგნსაცავი 2023-06-21 4.00 903.43(479.22) + 94(395.3) კ-36 64753 2023-06-21 64753 2023-06-21 წიგნი 4.00 ბსუ-ს საპატიო დოქტორის გურამ ლორთქიფანიძის საჩუქარი